| 000 | 00329nam a22001337a 4500 | ||
|---|---|---|---|
| 040 | _cNUST | ||
| 082 |
_a629.132 _bJAM |
||
| 100 |
_aJameson, Anthony _9118654 |
||
| 245 |
_aComputational Aerodynamics / _cAnthony Jameson |
||
| 260 |
_aUnited Kingdom : _bCambridge; _c2022. |
||
| 300 | _a633p. | ||
| 521 | _bHB | ||
| 942 |
_2ddc _cBK |
||
| 999 |
_c606829 _d606829 |
||